Random Symbol to Element Modified For Chemistry Study - Statistics

General Stats
  • This quiz has been taken 19 times
  • The average score is 16 of 20
Answer Stats
Symbol Element % Correct
Al Aluminium
100%
As Arsenic
100%
Ca Calcium
100%
He Helium
100%
Kr Krypton
100%
Li Lithium
100%
Mg Magnesium
100%
Mn Manganese
100%
N Nitrogen
100%
O Oxygen
100%
K Potassium
100%
Se Selenium
100%
Si Silicon
100%
Na Sodium
100%
Ti Titanium
100%
Cu Copper
90%
Au Gold
90%
I Iodine
89%
H Hydrogen
88%
C Carbon
83%
Fe Iron
83%
Xe Xenon
83%
Be Beryllium
80%
Zn Zinc
80%
Ar Argon
75%
B Boron
75%
Ga Gallium
75%
Ni Nickel
75%
S Sulfur
75%
Ba Barium
71%
Ne Neon
71%
Cs Caesium
67%
P Phosphorus
67%
Ag Silver
67%
Br Bromine
63%
Co Cobalt
63%
Ge Germanium
60%
Pb Lead
60%
V Vanadium
56%
Cl Chlorine
50%
Cr Chromium
50%
F Fluorine
50%
Hg Mercury
50%
Sr Strontium
50%
Sn Tin
50%
Rn Radon
43%
Sc Scandium
40%
No matching quizzes found
Score Distribution
Percent of People with Each Score
Percentile by Number Answered
Your Score History
You have not taken this quiz